000 00612nam a2200217Ia 4500
003 GCL
008 140319s9999 xx 000 0 eng d
020 _a5050014751
040 _aGCL /
_cGCL
082 0 4 _aCH
_b891.7
_bR C
100 1 _aCHAUMSKAIA, MIRLENA
245 1 0 _aCONTES DES PEUPLES DE LA FEDERATION DE RUSSIE /
_cCHAUMSKAIA, MIRLENA
700 1 _aBABLIOAN, ROBERT
260 _a[S.N] :
_bRADUGA PUBLISHERS ،
_c1987
300 _a22 CM ؛
_c189 P
650 0 4 _aCHILDREN - STORIES
650 0 4 _aRUSSIAN LITERATURE
650 0 4 _aRUSSIA - FICTION
650 0 4 _aCHILDREN - FICTION
942 _2ddc
_cBK
999 _c4738
_d4738